Código civil / (Record no. 44430)

MARC details
000 -LEADER
campo de control de longitud fija 00992nam a2200241 i 4500
001 - NÚMERO DE CONTROL
campo de control 44430
003 - IDENTIFICADOR DE NÚMERO DE CONTROL
campo de control ES-MaACL
005 - FECHA Y HORA DE LA ÚLTIMA TRANSACCIÓN
campo de control 20250811030341.0
007 - CAMPO FIJO DE DESCRIPCIÓN FÍSICA--INFORMACIÓN GENERAL
campo de control de longitud fija t|
008 - DATOS DE LONGITUD FIJA--INFORMACIÓN GENERAL
campo de control de longitud fija 030321s1961 sp ||||1| spa d
245 00 - MENCIÓN DEL TÍTULO
Título Código civil /
Mención de responsabilidad, etc. Pedro de Apalategui y Ocejo (Quintus Mucius Scaevola, sed).
260 ## - PUBLICACIÓN, DISTRIBUCIÓN, ETC.
Lugar de publicación, distribución, etc. Madrid :
Nombre del editor, distribuidor, etc. Reus,
Fecha de publicación, distribución, etc. 1961.
300 ## - DESCRIPCIÓN FÍSICA
Extensión 2 t. en 3 v. ;
Dimensiones 21 cm.
505 8# - NOTA DE CONTENIDO CON FORMATO
Nota de contenido con formato Contiene: XXXI. Comentado y concordado, redactado por Pascual Marín Pérez y José Mª Álvarez de Miranda y Torres - XXXII. Redactado por José María Reyes Monterreal, 2 v., publ. en 1965
610 14 - PUNTO DE ACCESO ADICIONAL DE MATERIA--NOMBRE DE ENTIDAD CORPORATIVA
Nombre de entidad corporativa o nombre de jurisdicción como elemento de entrada España.
Título de la obra Código civil, 1889
9 (RLIN) 3628
650 04 - PUNTO DE ACCESO ADICIONAL DE MATERIA--TÉRMINO DE MATERIA
Término de materia o nombre geográfico como elemento de entrada Derecho civil-
Subdivisión geográfica España-
Subdivisión de forma Legislación
9 (RLIN) 11663
700 1# - ENTRADA AGREGADA--NOMBRE PERSONAL
Nombre de persona Apalategui y Ocejo, Pedro de.
9 (RLIN) 22036
700 1# - ENTRADA AGREGADA--NOMBRE PERSONAL
Nombre de persona Marín Pérez, Pascual,
Fechas asociadas al nombre 1917-1991
9 (RLIN) 76809
700 1# - ENTRADA AGREGADA--NOMBRE PERSONAL
Nombre de persona Alvarez de Miranda y Torres, José María.
9 (RLIN) 20770
700 1# - ENTRADA AGREGADA--NOMBRE PERSONAL
Nombre de persona Monterreal, José María.
9 (RLIN) 82546
852 ## - LOCALIZACIÓN
Ubicación ES-MaACL
Número de control de estantería E-4180-82
Holdings
Estatus retirado Estado de pérdida Estado de daño No para préstamo Biblioteca de origen Biblioteca actual Ubicación en estantería Fecha de adquisición Fuente de adquisición Total de préstamos Signatura topográfica completa Código de barras Visto por última vez Precio de reemplazo Tipo de ítem Koha
        Biblioteca del Ateneo de Madrid Biblioteca del Ateneo de Madrid Depósito 2 17/01/2008     E-4180-82 1046758 23/02/2023 23/02/2023 Libro impreso